| 000 | 00000nam 2200000za 4500 |
| 001 | 9.822611 |
| 003 | CaOODSP |
| 005 | 20221107143721 |
| 007 | cr ||||||||||| |
| 008 | 160815s2006 quc|||||o f|0| 0 eng d |
| 040 | |aCaOODSP|beng |
| 043 | |an-cn--- |
| 086 | 1 |aCH7-43/2006E-PDF |
| 110 | 1 |aCanada. |bCanadian Heritage. |bEvaluation Services. |
| 245 | 10|aSummative evaluation of the Arts Culture and Diversity Program |h[electronic resource] / |cCorporate Review Branch, Evaluation Services. |
| 260 | |a[Gatineau, Que.] : |bCanadian Heritage, |c2006. |
| 300 | |avi, 45 p. : |btables. |
| 500 | |a"December 2006." |
| 500 | |aIssued also in French under title: Évaluation sommative du Programme des arts, de la culture et de la diversité. |
| 520 | |aThe Arts, Culture and Diversity Program (ACDP) of the Department of Canadian Heritage (PCH) was established in 2002, with the following objective: To strengthen Canada’s cultural sector through: •information, policy analysis and advice provided to the Department on policy issues that affect the cultural sector, including cultural diversity; and, •links established and maintained within the cultural sector itself as well as between the cultural sector and the broader community, in Canada and abroad. ... |
| 692 | 07|2gccst|aAssessment |
| 692 | 07|2gccst|aFederal programs |
| 692 | 07|2gccst|aHeritage |
| 775 | 08|tÉvaluation sommative du programme des arts, de la culture et de la diversité |w(CaOODSP)9.822612 |
| 856 | 40|qPDF|s312 KB|uhttps://publications.gc.ca/collections/collection_2016/pch/CH7-43-2006-eng.pdf |